Sports Quiz

Random Sports or NFL Quiz

Initially Yours: Sport Quiz Stats

 Plays Quiz Updated Feb 9, 2018

Also try: Sport by Numbers
Challenge
Share
Tweet
Embed
Score 0/60 Timer 09:00
0 Plays Today
% Correct
New England Patriots
91.3%
Kansas City Chiefs
88.6%
Tampa Bay Buccaneers
84.3%
Tennessee Titans
83.8%
Usain Bolt
83.7%
High Jump
79%
Welterweight
78%
New Zealand
77.3%
Pole Vault
77.3%
Middleweight
76.4%
Salt Lake City
76.3%
New Jersey Devils
75%
Billie Jean King
72.5%
Manchester United
71.4%
Detroit Red Wings
69.4%
Arnold Palmer
68.8%
Carolina Panthers
68%
Tampa Bay Lightning
66.7%
Serena Williams
66.7%
Real Madrid
66.6%
Balance Beam
65.1%
Martina Navratilova
63.3%
Triple Jump
61.1%
Ottawa Senators
60.3%
Uneven Bars
59.5%
Rio de Janeiro
59%
Steffi Graf
58.9%
England
57.4%
Pommel Horse
54.9%
Shot Put
54.5%
% Correct
Martina Hingis
52.7%
Bantamweight
52.7%
Phil Mickelson
51.4%
High Bar
51.2%
Juventus
50.5%
West Indies
49.2%
Sri Lanka
47.7%
Jack Nicklaus
47.1%
Hammer Throw
45.9%
Bayern München
45.3%
Chicago Blackhawks
43.1%
Super Lightweight
42.5%
Jesse Owens
42.1%
Liverpool
36.9%
Bernard Hinault
36.1%
Bangladesh
34.5%
Carl Lewis
34.4%
Lake Placid
33.9%
Oslo
31.9%
Mexico City
30.3%
Ben Hogan
30.3%
Light Flyweight
24.3%
Still Rings
24%
José María Olazábal
23.9%
Justin Gatlin
18.9%
Miguel Indurain
18.5%
Greg LeMond
15.6%
Chris Froome
15.3%
Maurice Greene
14.5%
Alberto Contador
12.3%

You're not logged in!

Compare scores with friends on all Sporcle quizzes.
Join for Free
OR
Log In

You Might Also Like...

Show Comments

Extras

Top Quizzes Today


Score Distribution

Your Account Isn't Verified!

In order to create a playlist on Sporcle, you need to verify the email address you used during registration. Go to your Sporcle Settings to finish the process.

Report this User

Report this user for behavior that violates our Community Guidelines.

Details: